000 00394cam a22001337a 4500
008 180718b1993 xxu||||| |||| 00| 0 eng d
082 _aYA6 R18
100 _aRao, K.N.
245 _aThe Nehru dynasty: astro-political portraits of Nehru Indira Sanjay and Rajiv
_cby K.N. Rao
260 _aNew Delhi
_bWindows
_c1993
300 _a276p.
650 _aAstrology and politics
650 _aAstrology
999 _c492095
_d492095